000
00216nam a22000857a 4500
008
170620b xxu||||| |||| 00| 0 eng d
100
_9
3590
_a
Moon. V
245
_a
Dr. Babasaheb Ambedkar
260
_a
New delhi
_b
N. B. T
_c
2009
999
_c
6976
_d
6976